LEADER 01671nam 2200385 n 450 001 996396453503316 005 20221108102631.0 035 $a(CKB)4330000000353735 035 $a(EEBO)2240851620 035 $a(UnM)99851665 035 $a(EXLCZ)994330000000353735 100 $a19920409d1624 uy | 101 0 $aeng 135 $aurbn||||a|bb| 200 00$aVotum Dauidis: seu, Officium boni magistratus et patris-familias, septuaginta duobus distichis generaliter atque typo, non kat' akribieian delineatum. Cum adiunctis notis & ad eas appendice. Authore Calebo Dalechampio Sedanensi, S. Theologie studioso & in artibus magistro$b[electronic resource] 210 $aLondini $cExcusum per Gulielmum Iones$dM.DC.XXIIII [1624] 215 $a[8], 58 p 300 $aThe words "typo", "kat'" and "akribieian" in title are in Greek characters. 300 $aReproduction of the original in the Cambridge University Library. 330 $aeebo-0021 606 $aDuty$vEarly works to 1800 606 $aPolitical ethics$vEarly works to 1800 606 $aFathers$vEarly works to 1800 615 0$aDuty 615 0$aPolitical ethics 615 0$aFathers 700 $aDalechamp$b Caleb$01006945 801 0$bCu-RivES 801 1$bCu-RivES 801 2$bCStRLIN 801 2$bWaOLN 906 $aBOOK 912 $a996396453503316 996 $aVotum Dauidis: seu, Officium boni magistratus et patris-familias, septuaginta duobus distichis generaliter atque typo, non kat' akribieian delineatum. Cum adiunctis notis & ad eas appendice. Authore Calebo Dalechampio Sedanensi, S. Theologie studioso & in artibus magistro$92421886 997 $aUNISA